00382 a2200109 4500001001000000005001700010008004100027245008000068100002200148773008500170999001700255ART_1376320260410161914.0260409a 10aLa contribución de la escuela de Chicago a la sociología norteamericana1 aForni, Floreal H.0 tRevista Paraguaya de Sociologíag- Año 19, Nº 55 (sep./dic. 1982)wREV13424 c27082d27082